A place to stand. (Record no. 8671)

000 -LEADER
fixed length control field 00557nam a2200193 a 4500
001 - CONTROL NUMBER
control field :::00006447$&:&@@
003 - CONTROL NUMBER IDENTIFIER
control field OkBaRHE
005 - DATE AND TIME OF LATEST TRANSACTION
control field 20000607103331.0
008 - FIXED-LENGTH DATA ELEMENTS--GENERAL INFORMATION
fixed length control field s1969 j 000 0 eng u
040 ## - CATALOGING SOURCE
Transcribing agency
100 1# - MAIN ENTRY--PERSONAL NAME
Personal name Trueblood, Elton, 1900-
245 12 - TITLE STATEMENT
Title A place to stand.
250 ## - EDITION STATEMENT
Edition statement [1st ed.]
260 ## - PUBLICATION, DISTRIBUTION, ETC. (IMPRINT)
Place of publication, distribution, etc New York, NY., :
Name of publisher, distributor, etc Harper & Row
Date of publication, distribution, etc 1969
300 ## - PHYSICAL DESCRIPTION
Extent 128 p. ;
Dimensions 22 cm.
650 ## - SUBJECT ADDED ENTRY--TOPICAL TERM
Topical term or geographic name as entry element Apologetics
General subdivision 20th Century
942 ## - ADDED ENTRY ELEMENTS (KOHA)
Source of classification or shelving scheme
Koha item type Books
Copies
Copy number Date acquired Withdrawn status Permanent Location Current Location Total Checkouts Price effective from Lost status Shelving location Barcode Date last seen Date checked out Koha item type Damaged status Not for loan Full call number Source of classification or shelving scheme
12010-04-14 RHEMA Bible Training CollegeRHEMA Bible Training College12010-04-14 General Stacks64472014-01-312013-09-20Books  BT 1102 .T7